000 00280nam a2200109Ia 4500
008 200302s9999 xx 000 0 und d
100 _aJ Tart
245 _aArchitecture Design Manual II Hotel Building
260 _bSouth China University Press
260 _c2013
300 _a263 P.,
999 _c3953
_d3953